| 000 | 02872nam a2200301 i 4500 | ||
|---|---|---|---|
| 005 | 20250329165509.0 | ||
| 007 | ta | ||
| 008 | 180125s2022 000 0 eng d | ||
| 040 |
_aCO-CtgCURN _bspa _ccoctgcurn _erda |
||
| 082 | 0 |
_aTSI 2022 _bT653 |
|
| 100 | 1 |
_aToloza Ayala, Iván Gregorio, _eauthor. _4aut |
|
| 245 | 1 | 0 |
_aDesarrollo de una aplicación web para las cabinas de estética y cosmetología de la corporación universitaria Rafael Núñez / _cIván Gregorio Toloza Ayala; Adalain Donson Tovar Posada; director: Victor Veldelamar García. |
| 260 |
_aCartagena de Indias : _bCorporación Universitaria Rafael Núñez, _c2022. |
||
| 260 | 1 |
_aCartagena de Indias : : _bCorporación Universitaria Rafael Nuñez,, _c2022. |
|
| 300 |
_a87 páginas : _bilustraciones tablas. |
||
| 336 |
_atext _btxt _2rdacontent |
||
| 337 |
_aunmediated _bn _2rdamedia |
||
| 338 |
_avolume _bnc _2rdacarrier |
||
| 502 | _aTrabajo de Grado. (Tecnologo en Sistemas de Informacion y Software). Corporación Universitaria Rafael Nuñez . Facultad de Ingeniería de Sistemas . Programa de Tecnología en Sistemas de Informacion y Software, 2022. | ||
| 520 | _a"El programa de Tecnología en estética y cosmetología cuenta con pacientes a los cuales se le brindan todos sus servicios de un centro de estética (procedimientos de relajación, estética y tratamientos post operatorios). Sin embargo, no cuentan con una plataforma web que les brinde una exacta información acerca de los servicios dados y prestados. Este análisis se le realizó a la comunidad universitaria de la Facultad de ciencias de la salud de la CURN. El objetivo general fue Desarrollar e implementar un software para las cabinas de estética y cosmetología que permita el manejo de los procesos de prácticas integrales y ventas de servicios en Cartagena de Indias. La metodología utilizada fue la cuantitativa y descriptiva operando en variables como la entrevista y la observación. En ese sentido en los hallazgos se analizó que los estudiantes y la comunidad universitaria se precisaba de un sistema de información que aumentara la productividad. En las conclusiones finales al diseñar y montar en la página web el sistema de información mediante un sistema SCRUM se notó la rapidez para encontrar archivos y pacientes, lo cual mejora la productividad y servicios." | ||
| 650 | 0 |
_aSistemas de Informacion y Software _vTesis y Disertaciones Academicas. |
|
| 700 | 1 | _aTovar Posada, Adalain Donson. | |
| 700 | 1 |
_aValdelamar García, Victor, _cdirector. |
|
| 856 | 7 |
_uhttps://unicurn.sharepoint.com/:b:/s/biblioteca/EYqy5P5wxPdKknMDoR5uzpgBMBdDr6uuN8u8GXkZQ_jDnQ?e=7qWZjl _zAqui el texto completo del recurso |
|
| 856 | _zel codigo fuente con restricciones en el repositorio | ||
| 942 |
_2ddc _aMHC _bMHC _cTG _hTSI 2022 _iT653 |
||
| 999 |
_c5970 _d5970 |
||